000 00357nam a2200121Ia 4500
008 220217s9999 xx 000 0 und d
245 0 _aSpecification for hot-water hose of rubber with woven textile reinforcement.
260 _c1970
500 _aStandard number: IS 5821
650 _aHot water hose
650 _aWoven textile reinforcement
942 _cST
999 _c73871
_d73871